| 000 | 00819nam a2200229 a 4500 | ||
|---|---|---|---|
| 001 | 000021916 | ||
| 005 | 20200930011513.0 | ||
| 008 | 100914s1975 sp r 000 f spa d | ||
| 040 |
_aDO-SdBNP _bspa _cBNPHU |
||
| 082 |
_a891.744 _bS687d |
||
| 100 | 1 |
_aSoljenitsin, Alexandr, _d1918-2008. _945481 |
|
| 240 | 1 | 0 |
_aOdin dien Ivana Denisovicha. _lEspañol. |
| 245 | 1 | 0 |
_aUn día de la vida de Iván Denísovich / _cAlexandr Soljenitsin ; traducción del francés de J. Ferrer Aleu. |
| 260 |
_aBarcelona : _bPlaza y Janes, _c1975. |
||
| 300 |
_a155 p. ; _c19 cm. |
||
| 534 |
_aOdin dien Ivana Denisovicha _tTítulo original en ruso |
||
| 590 | _aPremio Novel de Literatura, 1970. | ||
| 650 | 4 |
_aNovela rusa _94742 |
|
| 650 | 4 |
_aLiteratura rusa _ySIGLO XX _941289 |
|
| 700 | 1 |
_aAleu, J. Ferrer _etr. _913392 |
|
| 049 | _aBNGR | ||
| 999 |
_c21414 _d21414 |
||